Statistiques concernant CSGO/CS2 Player Win Katowice

Cliquez ici pour prendre le quiz!

Statistiques générales

  • Ce quiz a été pris 34 fois
  • Le résultat moyen est 27 sur 43

Statistiques - réponses

anCountryPlayer% Correct
2023Bosnia and HerzegovinahuNter-
100%
2023Bosnia and HerzegovinaNiKo
100%
2022Norwayrain
100%
2020Ukraines1mple
100%
2020RussiaBoombl4
93%
2022Latviabroky
93%
2024Russiachopper
93%
2024Russiadonk
93%
2022Denmarkkarrigan
93%
2022Estoniaropz
93%
2022CanadaTwistzz
93%
2023Australiajks
87%
2023Russiam0NESY
87%
2020RussiaPerfecto
87%
2021,2024Russiash1ro
87%
2020RussiaelectroNic
80%
2023DenmarkHooXi
80%
2021KazakhstanHObbit
73%
2019DenmarkMagisk
73%
2021RussiaAx1le
67%
2024Russiamagixx
67%
2024Ukrainezont1x
67%
2017,2019Denmarkdevice
60%
2017,2019Denmarkdupreeh
60%
2015,2016,2018Swedenflusha
60%
2017,2019Denmarkgla1ve
60%
2020Russiaflamie
47%
2021Russiainterz
47%
2015,2016,2018SwedenJW
47%
2021Russianafany
47%
2014PolandpashaBICEPS
47%
2017,2019DenmarkXyp9x
47%
2014PolandTaZ
40%
2015,2016,2018SwedenKRIMZ
33%
2014PolandNEO
33%
2014PolandSnax
33%
2014Polandbyali
27%
2015,2016Swedenolofmeister
27%
2015Swedenpronax
27%
2018SwedenGolden
13%
2016Swedendennis
7%
2017DenmarkKjaerbye
7%
2018SwedenLekr0
0%

Distribution des résultats

Percentile par nombre de réponses

% des personnes avec chaque résultat

Votre développement - résultats

Vous n’avez pas pris ce quiz